LEADER 01204nam a2200253 u 4500 001 000000115454 003 CaOOAMICUS 005 20090428163219.0 008 090428s2008 it u000 u ita r 020 $z978-88-89386-22-4* 040 $aPUL$bita$dLDB 245 03$aLa gestione e l'amministrazione della parrocchia :$beconomi delle grandi diocesi /$ca cura di Patrizia Clementi, don Lorenzo Simonelli. 260 $aBologna :$bEdizioni Dehoniane Bologna,$cc2008. 300 $ax, 350 p. ;$c24 cm +$eCD-ROM 504 $aBibliografia in nota. 650 4$aParrocchie$xAmministrazione.$0(OLS)http://pul/subject/35291 700 1 $aSimonelli, Lorenzo,$csac.$0(OLS)http://pul/name/71531 700 1 $aClementi, Patrizia.$0(OLS)http://pul/name/71530 850 $aPUL 852 $aPUL$W1$xSL Religione 3$y85$m254 CLEPA 1$j132224$qDDC 21$B131217$CPULBib$Z2$F131217 $H109094 $82 941 1 $a9 996 $6020$z978-88-89386-22-4*$9(OLS)http://pul/number/140500 996 $6245$aLa gestione e l'amministrazione della parrocchia :$beconomi delle grandi diocesi$9(OLS)http://pul/title/145079 996 $6260$aBologna :$bEdizioni Dehoniane Bologna$9(OLS)http://pul/publisher/60955 LEADER 00934nam a2200229 u 4500 001 000000112788 003 CaOOAMICUS 005 20080721110745.0 008 080721s2008 it u000 u ita u 020 $z978-88-348-8301-3* 040 $aPUL$bita$dLDB 100 1 $aScaparone, Metello.$0(OLS)http://pul/name/69480 245 10$aProcedura penale /$cMetello Scaparone. 260 $aTorino :$bGiappichelli,$c2008. 300 $av. ;$c24 cm. 650 4$aProcedura penale$zItalia$vManuali, compendi.$0(OLS)http://pul/subject/21692 850 $aPUL 852 $aPUL$W1$xDP2 Diritto e Scienze Sociali 3$y110$m345. 4505 SCAME 1.1$j129030$bv.1$qDDC 21$B127997$CPULBib$Z2$F127997 $H107764 $82 941 1 $a9 996 $6020$z978-88-348-8301-3*$9(OLS)http://pul/number/138527 996 $6245$aProcedura penale$9(OLS)http://pul/title/51522 996 $6260$aTorino :$bGiappichelli$9(OLS)http://pul/publisher/48244